000 02653nam a22004093i 4500
001 EBC31499990
003 MiAaPQ
005 20241020113042.0
007 cr cnu||||||||
008 241020s2024 xx o ||||0 eng d
020 _a9781040102770
_q(electronic bk.)
020 _z9781032613376
040 _aMiAaPQ
_beng
_cMiAaPQ
100 1 _aGiunchi, Elisa.
_964941
245 1 4 _aThe Abolition of the Ottoman Caliphate 1924 :
_bDebates and Implications.
250 _a1st ed.
264 1 _aOxford :
_bTaylor & Francis Group,
_c2024.
264 4 _c©2025.
300 _a1 online resource (199 pages)
336 _aText
_btxt
_2rdacontent
337 _aComputermedien
_bc
_2rdamedia
338 _aOnline Resource
_bcr
_2rdacarrier
490 1 _aDurham Modern Middle East and Islamic World Series
500 _aE-Book-ProQuest / Fernzugriff nach Registrierung möglich
505 0 _aCover -- Half Title -- Series Page -- Title Page -- Copyright Page -- Table of Contents -- List of contributors -- Abbreviations -- Introduction -- 1. The Tradition of the Ottoman Caliphate and Its End -- 2. The Pamphlet Battle of Deputy Hocas: The Caliphate Versus the Grand National Assembly -- 3. The Caliphate Debates in Turkey and Beyond: Dissensus and Politicization -- 4. The Caliphate and Absent Authority -- 5. The Abolition of the Caliphate, Secularization and Kurdish Nationalism -- 6. Pan-Islamism and Defence of the Ottoman Caliphate in Some Writings of Sulayman al-Barunı -- 7. The Caliphate Congresses and the Ottoman Sultans -- 8. "The Spiritual Authority of the Caliph": Unpacking British Policymaker's Perceptions of Caliphal Authority and Its Implications for British Imperial Goals -- 9. Debating the Future of the French Colonial Empire on the Eve of the Ottoman Caliphate -- Index.
520 _aThis book explores the decision by the Grand National Assembly of Turkey in 1924 to abolish the caliphate. The Ottoman sultans had long borne the title of caliphs of Islam and even after the demise of the sultanate in 1922 the caliphate retained great symbolic relevance.
653 _aCaliphate-History.
655 _aFernzugriff
_9230
655 4 _aElectronic books.
700 1 _aMelis, Nicola.
_964942
776 0 8 _iPrint version:
_aGiunchi, Elisa
_tThe Abolition of the Ottoman Caliphate 1924
_dOxford : Taylor & Francis Group,c2024
_z9781032613376
830 0 _aDurham Modern Middle East and Islamic World Series
_964943
856 4 0 _uhttps://ebookcentral.proquest.com/lib/maxweberstiftung-ebooks/detail.action?docID=31499990
_zVolltext
942 _cEB
999 _c71637
_d71637